000 00678nam a2200241Ia 4500
003 OSt
005 20221007111126.0
006 a|||||r|||| 00| 0
007 ta
008 221006b |||||||| |||| 00| 0 eng d
024 _a22,622
037 _cTextual
040 _aLCO
_cLCO
_beng
041 _2eng
_aeng
082 _aX72y7'N78, L8
100 _aSharma Lalit Mohan
_9563027
245 0 _aComputer of Supreme Court Citations
_b Direct Taxes (1950 - Feb. 1978)
250 _a1st
260 _aDelhi
_bUniversal Book Traders India
_c1978
300 _a449
942 _hX72y7'N78, L8
_cTEXL
999 _c1192185
_d1192185